Póstafőnök megbizás

Správa o tom, že hlavný úradník pošty v Michalovciach Gejza Szerbák bol ministrom obchodu menovaný za vedúceho pošty v Rožňave

Podrobná bibliografia
Médium: Článok
Jazyk:Hungarian
Témy:
Zdroj: 1. Felsőmagyarországi Hirlap : Politikai ujság 1. Roč. 7, č. 85 (29.10.1904) s. [3]
LEADER 01344nab#a2200397#ar4500
001 000090486
003 SVKKK
005 20080721105532.0
008 080707d1904 xo |||||||||||||||b|hun
FMT
038 |a SVKKK 
040 |a SVKKK  |b slo  |e AACR2 
041 0 |a hun 
044 |a xo  |c SK 
080 |a 656  |x 051  |2 1997 
080 |a 929 Szerbák, Gejza  |2 1997 
242 1 0 |a Menovanie za vedúceho pošty  |y slo 
245 1 0 |a Póstafőnök megbizás 
500 |a Popis z mikrofilmu 
500 |a Nesprávne číslovanie strany 3= ő 
520 2 |a Správa o tom, že hlavný úradník pošty v Michalovciach Gejza Szerbák bol ministrom obchodu menovaný za vedúceho pošty v Rožňave 
600 1 4 |a Szerbák, Gejza  |d 18??-19??  |x úradník poštový  |z Michalovce, Rožňava (Slovensko), Miskolc (Maďarsko)  |x pôsobenie 
650 0 4 |a verejný a spoločenský život  |x menovanie vedúceho pošty  |z Rožňava (Slovensko)  |y 1904 
655 4 |a hungariká 
773 0 |t Felsőmagyarországi Hirlap : Politikai ujság  |g Roč. 7, č. 85 (29.10.1904) s. [3] 
957 |a Michalovce 
957 |a Rožňava 
958 |a DG 
958 |a HU 
974 |a Ba 
992 |a RBX 
997 |a Szerbák, Géza p. Szerbák, Gejza  |d Nagymihály p.Michalovce 
997 |d Rozsnyó p. Rožňava 
997 |d Miskolc (HU) 
BAS
998 |a RETRO